আধুনিক ব্যবস্থাপনা / (Record no. 53948)
[ view plain ]
| 000 -LEADER | |
|---|---|
| fixed length control field | 00904nam a2200241 a 4500 |
| 001 - CONTROL NUMBER | |
| control field | 53948 |
| 003 - CONTROL NUMBER IDENTIFIER | |
| rucl marc code | BD-RjUL |
| 005 - DATE AND TIME OF LATEST TRANSACTION | |
| control field | 20211209080041.0 |
| 008 - FIXED-LENGTH DATA ELEMENTS--GENERAL INFORMATION | |
| fixed length control field | 161029s1979 bg ||||| |||| 00| 0 ben d |
| 035 ## - SYSTEM CONTROL NUMBER | |
| System control number | (BD-RjUL)54070 |
| 040 ## - CATALOGING SOURCE | |
| Original cataloging agency | BD-RjUL |
| Language of cataloging | ben |
| Transcribing agency | BD-RjUL |
| 041 ## - LANGUAGE CODE | |
| Language code of text/sound track or separate title | ben |
| 082 ## - DEWEY DECIMAL CLASSIFICATION NUMBER | |
| Edition number | 23 |
| Classification number | 658 |
| Author mark and year | ROA 1979 |
| 100 ## - MAIN ENTRY--PERSONAL NAME | |
| Personal name | রশীদুজ্জামান, এ. বি. এম. |
| 9 (RLIN) | 123285 |
| 245 10 - TITLE STATEMENT | |
| Title | আধুনিক ব্যবস্থাপনা / |
| Statement of responsibility, etc. | এ. বি. এম. রশীদুজ্জামান |
| 250 ## - EDITION STATEMENT | |
| Edition statement | ৩য় সং. |
| 260 ## - PUBLICATION, DISTRIBUTION, ETC. (IMPRINT) | |
| Place of publication, distribution, etc. | খুলনা : |
| Name of publisher, distributor, etc. | ফরিদা আখতার, |
| Date of publication, distribution, etc. | ১৯৭৯ |
| 300 ## - PHYSICAL DESCRIPTION | |
| Pagination | ৬১২ পৃ. ; |
| Size | ২১ সেমি. |
| 504 ## - BIBLIOGRAPHY, ETC. NOTE | |
| Bibliography, etc | গ্রন্থপঞ্জি সংযুক্ত |
| 650 ## - SUBJECT ADDED ENTRY--TOPICAL TERM | |
| Topical term or geographic name as entry element | সাধারন ব্যবস্থাপনা |
| 9 (RLIN) | 123286 |
| Topical term or geographic name as entry element | General Management |
| 9 (RLIN) | 123287 |
| 942 ## - ADDED ENTRY ELEMENTS (KOHA) | |
| Source of classification or shelving scheme | Dewey Decimal Classification |
| Koha item type | Books |
| Lost status | Source of classification or shelving scheme | Damaged status | Not for loan | Collection code | Permanent Location | Current Location | Shelving location | Date acquired | Source of acquisition | Cost, normal purchase price | Total Checkouts | Full call number | Date last seen | Copy number | Koha item type |
|---|---|---|---|---|---|---|---|---|---|---|---|---|---|---|---|
| Dewey Decimal Classification | Non-fiction | Central Library, University of Rajshahi | Central Library, University of Rajshahi | 30/06/1981 | Ureka Book Akademi, Rajshahi | 60.00 | B 658 ROA 1979 | 29/10/2016 | C-2 | Books | |||||
| Dewey Decimal Classification | Not For Loan | Non-fiction | Central Library, University of Rajshahi | Central Library, University of Rajshahi | Reading Room | 30/06/1981 | Ureka Book Agenncy, Rajshahi | 60.00 | B 658 ROA 1979 | 06/11/2022 | C-1 | Books |